00285nam a2200121Ia 4500008004100000041000800041082001200049100001200061245002300073260003300096300002700129365000700156240624s9999 xx 000 0 und d aeng a382 RAO aRAO P K aWTO TEXT AND CASES c2005aNew DelhibExcel Books axiii, : 512 : cm. ; 24 cRS